Browsing and peeling damage on woody plants in the Czech Republic /

Hlavní autor: Čermák, Petr, 1972-
Jazyk: Angličtina
Vydáno: Kostelec nad Černými lesy : Lesnická práce, 2007
Edice: Folia forestalia Bohemica
Témata:
Fyzický popis: 59 s., [4] s. barev. obr. příl. : il. ; 24 cm
Knihy
Uloženo v:
LEADER 01701nam a2200493 a 4500
001 nkc20081817723
003 CZ PrNK
005 20100111104225.0
007 ta
008 080912s2007 xr af f 000 0 eng
015 |a cnb001817723 
020 |a 978-80-87154-11-3  |q (brož.) 
035 |a (OCoLC)271611127 
040 |a ABA001  |b cze 
041 1 |a eng  |h cze 
043 |a e-xr--- 
072 7 |a 630  |x Lesnictví  |2 Konspekt  |9 24 
080 |a 630.228  |2 MRF 
080 |a 630.4  |2 MRF 
080 |a 630.41  |2 MRF 
080 |a (437.3)  |2 MRF 
080 |a (048.8)  |2 MRF 
100 1 |a Čermák, Petr,  |d 1972-  |7 jo2008464901  |4 aut 
245 1 0 |a Browsing and peeling damage on woody plants in the Czech Republic /  |c Petr Čermák 
260 |a Kostelec nad Černými lesy :  |b Lesnická práce,  |c 2007 
300 |a 59 s., [4] s. barev. obr. příl. :  |b il. ;  |c 24 cm 
490 1 |a Folia forestalia Bohemica : sborník původních vědeckých prací a monografií ;  |v 6 
500 |a Přeloženo z češtiny 
500 |a 500 výt. 
504 |a Obsahuje bibliografii 
650 0 7 |a lesní porosty  |7 ph115116  |z Česko  |2 czenas 
650 0 7 |a poškození lesa  |7 ph124479  |z Česko  |2 czenas 
650 0 7 |a ochrana lesa  |7 ph123660  |z Česko  |2 czenas 
650 0 9 |a forest stands  |z Czechia  |2 eczenas 
650 0 9 |a damage to forests  |z Czechia  |2 eczenas 
650 0 9 |a forest conservation  |z Czechia  |2 eczenas 
655 7 |a studie  |7 fd133597  |2 czenas 
655 9 |a studies  |2 eczenas 
830 0 |a Folia forestalia Bohemica  |0 s 
910 2 |a BOA001  |b 2-1210.472 
990 |a BK 
995 |a 01 
991 |b 200809  |c NOV 
996 6 |b 2610353326  |c 2-1210.472  |l MZK  |r Sklad / do 1 hodiny  |n 0  |p p.v.  |w 000910782  |u 000010  |a 1  |e BOA001  |j MZK50  |s P